Lonely planet lonely planet western europe / (Record no. 15695)

000 -LEADER
fixed length control field 01318nam a2200205 a 4500
001 - CONTROL NUMBER
control field ASIN1741796792
005 - DATE AND TIME OF LATEST TRANSACTION
control field 20170105102923.0
008 - FIXED-LENGTH DATA ELEMENTS--GENERAL INFORMATION
fixed length control field 131209s2011 xxu eng d
020 ## - INTERNATIONAL STANDARD BOOK NUMBER
International Standard Book Number 1741796792 (paperback)
Terms of availability $29.99
020 ## - INTERNATIONAL STANDARD BOOK NUMBER
International Standard Book Number 9781741796797 (paperback)
040 ## - CATALOGING SOURCE
Original cataloging agency 0
100 1# - MAIN ENTRY--PERSONAL NAME
Personal name Berkmoes, Ryan Ver.
245 10 - TITLE STATEMENT
Title Lonely planet lonely planet western europe /
Statement of responsibility, etc. Ryan Ver Berkmoes.
250 ## - EDITION STATEMENT
Edition statement 10th ed.
260 ## - PUBLICATION, DISTRIBUTION, ETC.
Place of publication, distribution, etc. [S.l.] :
Name of publisher, distributor, etc. Lonely Planet,
Date of publication, distribution, etc. 2011.
300 ## - PHYSICAL DESCRIPTION
Extent 1184 p. ;
Dimensions 20 cm.
520 ## - SUMMARY, ETC.
Summary, etc. “Nowhere else can so many cultures be found in such a tight space – you can wake up on the Mediterranean coast, have lunch in Paris and see a show that night in London.” – Ryan Ver Berkmoes, Lonely Planet Writer Our Promise You can trust our travel information because Lonely Planet authors visit the places we write about, each and every edition. We never accept freebies for positive coverage, and you can rely on us to tell it like we see it. Inside This Book… 14 expert authors 13 mountain ranges crossed 6,354,782 sq km explored 73 local beers sampled Inspirational photos Clear, easy-to-use maps In-depth background Easy-to-read layout Comprehensive planning tools At-a-glance practi
856 ## - ELECTRONIC LOCATION AND ACCESS
Materials specified Amazon.com
Uniform Resource Identifier <a href="http://www.amazon.com/exec/obidos/ASIN/1741796792/chopac">http://www.amazon.com/exec/obidos/ASIN/1741796792/chopac</a>
942 ## - ADDED ENTRY ELEMENTS (KOHA)
Source of classification or shelving scheme
Koha item type Book
Holdings
Withdrawn status Lost status Damaged status Not for loan Collection code Permanent Location Current Location Shelving location Date acquired Total Checkouts Full call number Barcode Date last seen Price effective from Koha item type
          Central Library (CL) Central Library (CL) General Stacks 10/02/2013   914 WES 2011 CIPS0001732 12/09/2013 12/09/2013 Book
© 2023 Central Library, National University of Sciences and Technology. All Rights Reserved.